000 00806nam a2200217Ii 4500
003 JO-AjNU
008 230605s9999||||xx |||||||||||||| ||und||
017 _a2001/1/95
040 _aJO-AjNU
_bara
_erda
_cJO-AjNU
041 _aara
050 1 4 _aHD37.A7.S435 2001
100 3 _aتأليف الشامي، لبنان هاتف ، م.مشارك ماركو ابراهيم نينو,
_eauthor
_956655
245 0 0 _aالادارة : المبادىء الاساسية
250 _aط1
264 3 1 _aاربد: المركز القومي للنشر، 2001
300 _a415ص
_bيحتوي على ببلوغرافية من 403-415ص
336 _atext
_btxt
_2rdacontent
337 _aunmediated
_bn
_2rdamedia
338 _avolume
_bnc
_2rdacarrier
650 4 _aادارة الاعمال - الادارة
_956656
999 _aA25342
_c28910
_d28910